| 000 | 00584nam a22001697a 4500 | ||
|---|---|---|---|
| 003 | OSt | ||
| 005 | 20171010095449.0 | ||
| 008 | 120625t xxu||||| |||| 00| 0 eng d | ||
| 040 |
_aMMSU _cULS |
||
| 100 |
_aAfricano, Maynard F., et al. _910656 |
||
| 245 |
_aOn the Job Training (OJT) in Animal Science _cMaynard F. Africano, et al. |
||
| 260 | _c2008 | ||
| 300 |
_axix, 57 leaves _c28 cm. |
||
| 500 | _aThesis (BS Agriculture-Animal Science) -- Mariano Marcod State University-College of Agriculture and Forestry, Batac City | ||
| 504 | _aBibliography: None | ||
| 942 |
_2ddc _cTHEDIS |
||
| 999 |
_c9590 _d9590 |
||